| 000 | 01148nam a22003497a 4500 | ||
|---|---|---|---|
| 001 | 848186 | ||
| 003 | OSt | ||
| 005 | 20210426113149.0 | ||
| 008 | 790115s1979 nyu b 001 0 eng | ||
| 010 | _a 78020605 | ||
| 020 | _a0394503813 | ||
| 040 |
_aDLC _cDLC _dDLC _beng |
||
| 041 | _aeng | ||
| 043 | _an-us--- | ||
| 050 | 0 | 0 |
_aPN4888.P6 _bH3 1979 |
| 080 |
_a32 _bH-18 |
||
| 082 | 0 | 0 | _a070.4/0973 |
| 100 | 1 | _aHalberstam, David. | |
| 245 | 1 | 4 |
_aThe powers that be / _c: Within the Kingdom of the Media: How Luce's. Paley's, the Grahams' Washington and the Chandlers' Los Angeles Became Rich and Powerful and Changed Forever the Shape of American Politics and Society _b/ by: Alfred A. Knopf |
| 250 | _a1st edition | ||
| 260 |
_aNew York : _bAlfred A. Knopf _c1979. |
||
| 300 |
_a771 p. ; _c25 cm. |
||
| 365 | _b15 usd | ||
| 500 | _aIncludes index. | ||
| 504 | _aBibliography: p. [743]-745. | ||
| 650 | 0 |
_aPress and politics _zUnited States. |
|
| 650 | 0 |
_aPolitics _9443 |
|
| 653 | _aპოლიტიკა | ||
| 906 |
_a7 _bcbc _corignew _d1 _eocip _f19 _gy-gencatlg |
||
| 942 |
_2udc _cBK _e1 |
||
| 999 |
_c988 _d988 |
||